• 首页
  • 本馆介绍
  • 公告通知
  • 最新文献
  • 馆藏检索
  • 电子资源
  • 读者导购
  • 参考咨询
  • 我的图书馆
  • 登录
  • 详细信息显示
  • 放入我的书架
  • 预约/预借图书
  • 作者相关作品
  • 分类相关作品
  • 丛书相关作品
  • 出版社相关作品

书目信息

  • 表格格式
  • 工作单格式
  • 卡片格式
题名:
阅读与感悟
    
 
作者: 张秀蓉, 著
分册:  
出版信息: 北京   中国商业出版社  2021.08
页数: 225页
开本: 24cm
丛书名:
单 册:
中图分类: G633.332
科图分类:
主题词: 阅读课--yue du ke--教学研究--初中
电子资源:
ISBN: 978-7-5208-1752-3
000 01263nam0 2200265 450
001 012001003174
005 20141204132449.0
010    @a978-7-5208-1752-3@dCNY75.00
099    @aCAL 012022016376
100    @a20220905d2021 em y0chiy50 ea
101 0  @achi
102    @aCN@b110000
105    @ay a 000yy
106    @ar
200 1  @a阅读与感悟@Ayue du yu gan wu@e初中语文阅读教学研究@f张秀蓉著
210    @a北京@c中国商业出版社@d2021.08
215    @a225页@d24cm
320    @a有书目 (第223-225页)
330    @a本书共分七章。第一章至第二章总述了语文阅读教学的相关概念以及阅读教学的基本特征、价值、规律、理念;第三章至第七章分别从不同角度探讨了初中语文阅读教学的相关内容,第四章为基于不同阅读方式的初中语文阅读教学,主要包括群文阅读教学、文本细读阅读教学德不孤;第五章为基于不同阅读文体的初中语文阅读教学,主要包括现代记叙文阅读教学、现代议论文阅读教学等;第六章为多元化视域下的初中语文阅读教学,主要包括核心素养视域下的初中语文阅读教学、传统文化视域下的初中语文阅读教学等;第七章为初中学生语文阅读基本能力的提升策略。
517 1  @a初中语文阅读教学研究
606 0  @a阅读课@Ayue du ke@x教学研究@x初中
690    @aG633.332@v5
701  0 @a张秀蓉,@Azhang xiu rong@f1972-@4著
801  0 @aCN@bAHXH@c20221111
905    @b1374223-7@dG633.332@e1066@f5
    
    阅读与感悟:初中语文阅读教学研究/张秀蓉著.-北京:中国商业出版社,2021.08
    225页;24cm
    
    
    ISBN 978-7-5208-1752-3:CNY75.00
    本书共分七章。第一章至第二章总述了语文阅读教学的相关概念以及阅读教学的基本特征、价值、规律、理念;第三章至第七章分别从不同角度探讨了初中语文阅读教学的相关内容,第四章为基于不同阅读方式的初中语文阅读教学,主要包括群文阅读教学、文本细读阅读教学德不孤;第五章为基于不同阅读文体的初中语文阅读教学,主要包括现代记叙文阅读教学、现代议论文阅读教学等;第六章为多元化视域下的初中语文阅读教学,主要包括核心素养视域下的初中语文阅读教学、传统文化视域下的初中语文阅读教学等;第七章为初中学生语文阅读基本能力的提升策略。
●
相关链接 在E读中查询图书 在五车中查询图书 在当当中查询图书 在豆瓣中查询图书


正题名:阅读与感悟     索取号:G633.332/1066         预约/预借

序号 登录号 条形码 馆藏地/架位号 状态 备注
1 1374223   213742235   第一样本阅览室/ [索取号:G633.332/1066] 在馆    
2 1374224   213742244   教育系资料室/ [索取号:G633.332/1066] 在馆    
3 1374225   213742253   教育系资料室/ [索取号:G633.332/1066] 在馆    
4 1374226   213742262   第四借阅区/ [索取号:G633.332/1066] 在馆    
5 1374227   213742271   第四借阅区/ [索取号:G633.332/1066] 在馆    
唐山师范学院图书馆 欢迎您!
大连网信软件有限公司© 版权所有